000 nam a22 7a 4500
999 _c9649
_d9649
008 180206b ||||| |||| 00| 0 eng d
100 _aJerath,S.
_91800
245 _aTogether with Interactive English-1
260 _aNew Delhi
_bRachna
_c2008